| 000 | 00924na a2200289 4500 | ||
|---|---|---|---|
| 001 | 19902 | ||
| 003 | MIRAKIL | ||
| 005 | 20181213154752.0 | ||
| 008 | 161228b tu 000 0 | ||
| 020 | _a9753295936 | ||
| 035 | _a19902 | ||
| 040 |
_aMilas _btur _cTR-AnCHP |
||
| 041 | _atur | ||
| 082 |
_a320.559561 _bW35 2007 |
||
| 090 | _a320.559561 W35 2007 | ||
| 100 | _aWhite, Jenny B. | ||
| 245 |
_aTürkiye'de İslamcı kitle seferberliği _byerli siyaset üzerine bir araştırma _cJenny B. White ; İngilizce aslından çeviren Esen Türay |
||
| 246 | _aYerli siyaset üzerine bir araştırma | ||
| 260 |
_aİstanbul _bOğlak Yayıncılık ve Reklamcılık _c2007 |
||
| 300 |
_a439 s. _c20 sm. |
||
| 650 |
_aDin ve siyaset _xTürkiye |
||
| 650 |
_aİslam ve siyaset _zTürkiye |
||
| 650 |
_aDin ve toplum _zTürkiye |
||
| 650 |
_aİslamiyet ve toplum _zTürkiye |
||
| 700 | _aTüray, Esen | ||
| 942 |
_2dcc _cBKS |
||
| 999 |
_c517 _d517 |
||